| 000 | 00715nam a2200205Ii 4500 | ||
|---|---|---|---|
| 003 | JO-AjNU | ||
| 008 | 230605s9999||||xx |||||||||||||| ||und|| | ||
| 040 |
_aJO-AjNU _bara _erda _cJO-AjNU |
||
| 041 | _aara | ||
| 050 | 1 | 4 | _aQA808 .A3 1961 |
| 100 | 3 |
_aصبري ، عفاف احمد, _eauthor _98640 |
|
| 245 | 0 | 0 | _a ديناميكا مجموعة الاجسام في بعدين و الميكانيكا في ثلاثة ابعاد |
| 264 | 3 | 1 | _aد.م:د.ن ، 1982 |
| 300 | _a416ص | ||
| 336 |
_atext _btxt _2rdacontent |
||
| 337 |
_aunmediated _bn _2rdamedia |
||
| 338 |
_avolume _bnc _2rdacarrier |
||
| 490 | 0 | _a سلسلة الكتب الدراسية | |
| 650 | 4 |
_aالديناميكا-الميكانيكا _98641 |
|
| 999 |
_aA892 _c4460 _d4460 |
||